Movie Prequels - Sudden Death - Statistics

General Stats
  • This quiz has been taken 6,275 times
    948 since last reset
  • The average score is 8 of 15
Answers on the Grid
Answers color-coded by a green-red scale on the quiz's grid according to % correct below.
Indiana Jones and the Temple of Doom
The Godfather Part II
Minions
X-Men: First Class
Monsters University
Prometheus
Furiosa: A Mad Max Saga
Oz the Great and Powerful
The Good, the Bad and the Ugly
Wonka
Prey
Fantastic Beasts and Where to Find Them
The Hobbit: An Unexpected Journey
Mufasa: The Lion King
The First Purge
The Matrix Reloaded
Creed
Top Gun: Maverick
First Blood
The Lost World: Jurassic Park
Gremlins 2: The New Batch
Oceans’s Twelve
The Nightmare Before Christmas
Breakin’ 2: Electric Boogaloo
Star Wars: The Force Awakens
Ice Age: The Meltdown
When Harry Met Sally
The Last of the Mohicans
Toy Story 3
Jaws: The Revenge
 
Answer Stats
Answer % Correct
The Lion King Mufasa: The Lion King
67%
Willy Wonka & the Chocolate Factory Wonka
66%
The Lord of the Rings: The Fellowship of the Ring The Hobbit: An Unexpected Journey
65%
Despicable Me Minions
64%
X-Men X-Men: First Class
63%
Harry Potter and the Philosopher’s Stone Fantastic Beasts and Where to Find Them
62%
Monsters Inc. Monsters University
62%
The Wizard of Oz Oz the Great and Powerful
56%
The Purge The First Purge
51%
Mad Max: Fury Road Furiosa: A Mad Max Saga
48%
Alien Prometheus
44%
The Godfather The Godfather Part II
43%
Predator Prey
35%
Raiders of the Lost Ark Indiana Jones and the Temple of Doom
29%
A Fistful of Dollars The Good, the Bad and the Ugly
22%
No matching quizzes found
Score Distribution
Percent of People with Each Score
Percentile by Number Answered
Your Score History
You have not taken this quiz since the last reset